000 00231nam a22001097a 4500
100 _aCervautes, Miguelde
245 _aThe adventures Of Don Quixote
250 _a2014
260 _bHeritage Pub.
300 _a32
942 _2ddc
_cBK
999 _c11504
_d11504